• 首页
  • 本馆介绍
  • 公告通知
  • 最新文献
  • 馆藏检索
  • 电子资源
  • 读者导购
  • 参考咨询
  • 我的图书馆
  • 登录
  • 详细信息显示
  • 放入我的书架
  • 预约/预借图书
  • 作者相关作品
  • 分类相关作品
  • 丛书相关作品
  • 出版社相关作品

书目信息

  • 表格格式
  • 工作单格式
  • 卡片格式
题名:
阿凡提的故事
    
 
作者:
分册:  
出版信息: 北京   外文出版社  2003
页数: 231页
开本: 18cm
丛书名: 德语轻松阅读
单 册:
中图分类: H339.4 , I277.3
科图分类:
主题词: 德语--语言读物 , 民间故事--中国--选集 , 德语 , 民间故事
电子资源:
ISBN: 7-119-03397-2
000 00784oam2 2200289 450
001 002519199
005 20040219170817.0
010    @a7-119-03397-2@dCNY13.60
100    @a20031203d2003 em y0chiy0110 ea
101 0  @achi@ager
102    @aCN@b110000
105    @aa z 000fy
106    @ar
200 1  @a阿凡提的故事@Aa fan ti de gu shi
210    @a北京@c外文出版社@d2003
215    @a231页@c图@d18cm
225 2  @a德语轻松阅读@Ade yu qing song yue dou
461  0 @1001002519177@12001 @a德语轻松阅读
510 1  @aGeschichten von Afanti@zaft
606 0  @a德语@j语言读物
606 0  @a民间故事@y中国@j选集
606 0  @a德语
606 0  @a民间故事
690    @aH339.4@v4
690    @aI277.3@v4
801  0 @aCN@bNLC@c20040220
905    @dH339.4@e117 @f3
    
    阿凡提的故事.-北京:外文出版社,2003
    231页:图;18cm.-(德语轻松阅读)
    
    
    ISBN 7-119-03397-2:CNY13.60
    
●
相关链接 在E读中查询图书 在五车中查询图书 在当当中查询图书 在豆瓣中查询图书


正题名:阿凡提的故事     索取号:H339.4/117         预约/预借

序号 登录号 条形码 馆藏地/架位号 状态 备注
1 0827170   208271706   第二样本阅览室/ [索取号:H339.4/117] 在馆    
2 0827171   208271715   第四借阅区/ [索取号:H339.4/117] 在馆    
3 0827172   208271724   第四借阅区/ [索取号:H339.4/117] 在馆    
4 0827173   208271733   第四借阅区/ [索取号:H339.4/117] 在馆    
5 0827174   208271742   第四借阅区/ [索取号:H339.4/117] 在馆    
6 0827175   208271751   第四借阅区/ [索取号:H339.4/117] 在馆    
7 0827176   208271760   第四借阅区/ [索取号:H339.4/117] 在馆    
8 0827177   208271779   第四借阅区/ [索取号:H339.4/117] 在馆    
9 0827178   208271788   第四借阅区/ [索取号:H339.4/117] 在馆    
10 0827179   208271797   第四借阅区/ [索取号:H339.4/117] 在馆    
11 0827180   208271804   第四借阅区/ [索取号:H339.4/117] 在馆    
12 0827181   208271813   第四借阅区/ [索取号:H339.4/117] 在馆    
13 0827182   208271822   第四借阅区/ [索取号:H339.4/117] 在馆    
14 0827183   208271831   第四借阅区/ [索取号:H339.4/117] 在馆    
15 0827184   208271840   第四借阅区/ [索取号:H339.4/117] 在馆    
16 0827185   208271859   第四借阅区/ [索取号:H339.4/117] 在馆    
17 0827186   208271868   第四借阅区/ [索取号:H339.4/117] 在馆    
18 0827187   208271877   第四借阅区/ [索取号:H339.4/117] 在馆    
19 0827188   208271886   第四借阅区/ [索取号:H339.4/117] 在馆    
20 0827189   208271895   第四借阅区/ [索取号:H339.4/117] 在馆    
21 0827190   208271902   第四借阅区/ [索取号:H339.4/117] 在馆    
22 0827191   208271911   第四借阅区/ [索取号:H339.4/117] 在馆    
23 0827192   208271920   第四借阅区/ [索取号:H339.4/117] 在馆    
24 0827193   208271939   第四借阅区/ [索取号:H339.4/117] 在馆    
25 0827194   208271948   第四借阅区/ [索取号:H339.4/117] 在馆    
26 0827195   208271957   第四借阅区/ [索取号:H339.4/117] 在馆    
27 0827196   208271966   第四借阅区/ [索取号:H339.4/117] 在馆    
28 0827197   208271975   第四借阅区/ [索取号:H339.4/117] 在馆    
29 0827198   208271984   第四借阅区/ [索取号:H339.4/117] 在馆    
30 0827199   208271993   第四借阅区/ [索取号:H339.4/117] 在馆    
31 0827200   208272000   第四借阅区/ [索取号:H339.4/117] 在馆    
32 0827201   208272019   第四借阅区/ [索取号:H339.4/117] 在馆    
33 0827202   208272028   第四借阅区/ [索取号:H339.4/117] 在馆    
34 0827203   208272037   第四借阅区/ [索取号:H339.4/117] 在馆    
35 0827204   208272046   第四借阅区/ [索取号:H339.4/117] 在馆    
36 0827205   208272055   第四借阅区/ [索取号:H339.4/117] 在馆    
37 0827206   208272064   第四借阅区/ [索取号:H339.4/117] 在馆    
38 0827207   208272073   第四借阅区/ [索取号:H339.4/117] 在馆    
39 0827208   208272082   第四借阅区/ [索取号:H339.4/117] 在馆    
40 0827209   208272091   第四借阅区/ [索取号:H339.4/117] 在馆    
41 0827210   208272108   第四借阅区/ [索取号:H339.4/117] 在馆    
42 0827211   208272117   第四借阅区/ [索取号:H339.4/117] 在馆    
43 0827212   208272126   第四借阅区/ [索取号:H339.4/117] 在馆    
44 0827213   208272135   第四借阅区/ [索取号:H339.4/117] 在馆    
45 0827214   208272144   第四借阅区/ [索取号:H339.4/117] 在馆    
46 0827215   208272153   第四借阅区/ [索取号:H339.4/117] 在馆    
47 0827216   208272162   第四借阅区/ [索取号:H339.4/117] 在馆    
48 0827217   208272171   第四借阅区/ [索取号:H339.4/117] 在馆    
49 0827218   208272180   第四借阅区/ [索取号:H339.4/117] 在馆    
50 0827219   208272199   第四借阅区/ [索取号:H339.4/117] 在馆    
51 0827220   208272206   第四借阅区/ [索取号:H339.4/117] 在馆    
52 0827221   208272215   第四借阅区/ [索取号:H339.4/117] 在馆    
53 0852404   208524042   第四借阅区/ [索取号:H339.4/117] 在馆    
54 0852405   208524051   第四借阅区/ [索取号:H339.4/117] 在馆    
55 0852406   208524060   第四借阅区/ [索取号:H339.4/117] 在馆    
唐山师范学院图书馆 欢迎您!
大连网信软件有限公司© 版权所有